000 00289nam a2200109Ia 4500
001 1265345
005 20260417142025.0
008 260417s9999 xx 000 0 und d
020 _a9786051857015
245 0 _aBir Roman Kahramanı - Orhan Veli
_cHaluk Oral
260 _bEverest Yayınları
999 _c1265345
_d1265345